Quizzes
Events
Quiz Creation
Community
Videos
Private Events
Remove Ads
Sign In
Join for FREE
Feedback
Dark Mode
Quiz Categories
Sports
Geography
Music
Movies
Television
Just For Fun
Miscellaneous
History
Literature
Language
Science
Gaming
Entertainment
Religion
Holiday
For Kids
Quiz Lab
Recent
Popular Today
Quiz Kudos Today
Editor Picks
Curator Picks
Quizzes by...
Day
Popularity
Type
Ratings
Length
Year
Community
Subscriptions
Recent Discussions
Orange Saloon
Badges
Playlists
Quests
Create
Leaderboards
Showdown
Live 5
Trivia Bingo
Activity
Puzzle Library
Sporcle Events
Private Events
Virtual Trivia
Globe League
Become a Host
Pub Owners
SporcleCon
Opinionation
Our Games
Videos
Blog
Mobile Apps
Partnerships
Remove Ads and Go Orange
Feedback
Entertainment
Celebrity
Famous
Musical
Broadway
Show
Quote
Comic Books
Anime
Superhero
DC Comics
Marvel
Cartoons
Animation
Entertainment
Celebrity
Famous
Musical
Broadway
Show
Quote
Comic Books
Anime
Superhero
DC Comics
Marvel
Cartoons
Animation
Random Quiz
Search Sporcle
×
Quiz Lab
Quiz Lab
Entertainment
Celebrity
Type in answers that appear in a list
Type in answers that appear in a list
Classic
Best Score? Go Orange.
Single Word Names Stats
Can you name the celebrities that have one word for their names. (not including hyphinated names)(It does include Rea?
By
gunderdude
5m
30 Questions
45 Plays
45 Plays
45 Plays
Comments
Comments
Give Quiz Kudos
Give Quiz Kudos
-
- Ratings
hide this ad
Replay
Link that replays current quiz
Next Quiz
Link to next quiz in quiz playlist
You Got
0%
They Got
Avg Score
28%
Avg Friend Score
Upgrade to see
Score Distribution
Jump to the score distribution portion of the page
Score
0/30
Timer
05:00
0
Plays Today
Hint
Answer
% Correct
Clark Kent
Superman
77.8%
Little green jedi
Yoda
71.1%
AKA Slim Shady
Eminem
66.7%
Dog of Oz
Toto
62.2%
Hairy guy that hangs out with Han Solo
Chewbacca
60%
Do you believe in life after love?
Cher
57.8%
Disney's Beauty
Belle
48.9%
Really Deborah Harry
Blondie
44.4%
She doesn't have to put on that red light
Roxanne
40%
Why so serious?
Joker
37.8%
Founded the Roman Catholic Church
Jesus
35.6%
'The Simpson's' First Cat
Snowball
26.7%
Welcome to the Jungle!!
Slash
22.2%
Foreign Exchange (Z)student
Fez
22.2%
Im gonna make him an offer he can't refuse
The Godfather
22.2%
Hint
Answer
% Correct
The Lion of Naria
Aslan
20%
Charlie Harper's Housekeeper
Berta
20%
Braught Osiris back to life, twice.
Isis
15.6%
That 70's Shoe Hippie
Leo
15.6%
Leader of Carthage
Hannibal
15.6%
RV actress.'ts Just a Little To Late'
JoJo
11.1%
Cartoon Cop in a Wheelchair
Joe
11.1%
Eric Cartman's Neighbor
Butters
8.9%
SEGA echidna
Knuckles
8.9%
First, I traveled through the Candy Cane Forest...
Buddy
8.9%
Of Mice and Men. Old Man
Candy
8.9%
Shake It Up! Actress
Zendaya
6.7%
A Disney Vixon
Todd
6.7%
_
_
_
_
_
_
, MCA and Mike D
Adrock
4.4%
Mos Eisley Bounty Hunter
Greedo
4.4%
Quiz Playlist
Details
Report
Send in Message
Add To Playlist
Classic:
Type in answers that appear in a list
Last Updated: Feb 16, 2017
Quiz Scoreboard
CHALLENGE
Sign Up to Join the Scoreboard
Show All
Scores
Hide
Comments
May contain spoilers
Recently Published
College Basketball Coaching Resumes
by pancakes188
Sports
9m
Billboard Blitz: Fleetwood Mac
by CooCooCachoo
Music
15s
Presidents Visiting Landmarks
by Hejman
History
7m
More to Explore
Quiz From the Vault
Featured Blog Post
Where Did the Easter Bunny Come From?
hide this ad
You Might Also Like...
Tags
Celebrity Quiz
1-word
name
Today's Top Quizzes in Entertainment
Browse Entertainment
hide this ad
Today's Top Quizzes in Celebrity
Browse Celebrity
Top Contributed Quizzes in Entertainment
1
7-to-1: DC Comics Villains
2
Marvel Characters Bunker
3
Eurovision 2023 Logic Puzzle
4
Dragon Ball Z: Goku's Fights in Order
5
Criteria Quickie: Cartoon Taxonomy II
6
Sorting Pictures: Villains
7
Kamen Rider Motifs
8
Mini Trivia Sudoku: Musicals
9
Fictional Villains Letter U Blitz
10
7-to-1: One Piece
Explore More
Trending Topics
Disney
Anime
Crossword
Marvel
Harry Potter
NBA
Kpop
The Office
Soccer
Song
Country
NFL
WWE
Puzzle
Pokémon
hide this ad
More By:
gunderdude
Quiz
Plays
Rating
Category
Featured
Created
MtG Sets by Year
744
1.13
Gaming
Jan 2, 2012
NCAA March Madness 2006
420
3.00
Sports
Apr 15, 2013
NCAA March Madness 2008
365
Sports
Apr 12, 2013
NCAA March Madness 2007
356
3.00
Sports
Apr 15, 2013
March Madness 2013 Winners per Round
239
5.00
Sports
Apr 10, 2013
Go to Creator's Profile
Score Distribution
Quiz Creator Spotlight
gunderdude
Follow
Send a Message
Quizzes Created
-
Created Quiz Play Count
-
More By This Creator
Popular Quizzes Today
1
Find the US States - No Outlines Minefield
2
Find the Countries of Europe - No Outlines Minefield
3
The Countries of the World
4
Find the US States
5
Risky Map Clicking: Biggest States A-Z
6
US States
7
Popular People in 1961
8
Movies - When Are They Set?
More Entertainment Quizzes
Hello, My Name Is...'K'
Published
Trending Quizzes
Risky Map Clicking: Least Populous States A-Z
1-10 Letter G Words
1-10 Letter F Words
Risky Map Clicking: Next State Alphabetically
Risky Map Clicking: Biggest States A-Z
Recently Updated
Leaping Animals
pecheneg
Reality TV Shows (A-Z)
bhenderson79
Rickey Henderson's Hall of Fame Teammates
pecheneg
Champions League XIs: Arsenal
pecheneg
Quick Pick: Celebrities in WWE's Hall of Fame
aduchscher
A-Z Keypad Blitz II
pecheneg
Multiple Oscar Actors
pecheneg
Mystery Phrase Blitz: Oscar 'Best Actors'
pecheneg
F. Scott Fitzgerald Novels
LTH
Pick 3 Villains
ddd62291
Trending Topics
Anime
NBA
Crossword
Marvel
Disney
Harry Potter
Kpop
Country
Puzzle
NFL
Song
Soccer
Pokémon
The Office
WWE
Your Account Isn't Verified!
In order to create a playlist on Sporcle, you need to verify the email address you used during registration. Go to your
Sporcle Settings
to finish the process.
Report this User
Report this user for behavior that violates our
Community Guidelines
.
Details:
Send Report
Go to the Sporcle.com Mobile Site →
Comments